000 01752cam a2200457 i 4500
999 _c8153
_d8153
001 19494436
003 GBCCL
005 20241126110644.0
008 160707s2016 ii b 000 0 eng d
010 _a 2016362467
020 _a9788184655353 (paperback)
020 _a8184655355 (paperback)
025 _aI-E-2016362467 ; 13-91
035 _a(OCoLC)ocn953148687
035 _a(OCoLC)953148687
037 _bLibrary of Congress -- New Delhi Overseas Office
040 _aDKAGE
_beng
_erda
_cDKAGE
_dOCLCQ
_dOCLCO
_dOCLCF
_dDLC
042 _alccopycat
_alcode
043 _aa-ii---
050 0 0 _aBR1155
_b.V45 2016
082 0 4 _a230.08694
_223
_bMAN
100 1 _aVincent Manoharan, J.,
_eauthor.
_914197
245 1 0 _aTowards a practical Dalit theology :
_bthe status and relevance of Dalit theology among grass roots Dalit Christians in their struggle against caste oppression /
_cVincent Manoharan.
264 1 _aDelhi, [India] :
_bISPCK,
_c2016.
300 _axxiv, 211 pages ;
_c24 cm
336 _atext
_btxt
_2rdacontent
337 _aunmediated
_bn
_2rdamedia
338 _avolume
_bnc
_2rdacarrier
504 _aIncludes bibliographical references (pages 200-211).
520 _aWith reference to India.
650 0 _aChristianity
_zIndia.
_91017
650 0 _aTheology, Doctrinal
_zIndia.
_9894
650 0 _aDalits
_zIndia
_xReligion.
_91022
650 0 _aLiberation theology
_zIndia.
_91286
650 0 _aChurch and social problems
_zIndia.
_91133
650 0 _aReligion and social problems
_zIndia.
_914198
710 2 _aI.S.P.C.K. (Organization),
_epublisher.
_9393
906 _a7
_bcbc
_ccopycat
_d3
_encip
_f20
_gy-gencatlg
942 _2ddc
_cBK
_05